[Event "EU-ch (Women) 15th"]
[Site "Plovdiv"]
[Date "2014.07.17"]
[Round "11"]
[White "Kursova, Maria"]
[Black "Stjazhkina, Olga"]
[Result "1-0"]
[WhiteElo "2331"]
[BlackElo "2177"]
[PlyCount "83"]
[EventDate "2014.07.06"]
[EventType "swiss"]
[EventRounds "11"]
[EventCountry "BUL"]
[SourceTitle "CBM 162"]
[Source "ChessBase"]
[SourceDate "2014.09.17"]
[SourceVersion "1"]
[SourceVersionDate "2014.09.17"]
[SourceQuality "1"]

1. d4 d5 2. Nf3 Nf6 3. c4 dxc4 4. e3 e6 5. Bxc4 c5 6. 0-0 Nc6 7. Nc3 Be7 8. dxc5 Qxd1 9. Rxd1 Bxc5 10. a3 Ke7 11. b4 Bd6 12. Bb2 Bd7 13. Be2 Rhd8 14. Nd2 Rac8 15. Rac1 Be8 16. f4 Bc7 17. Kf2 a6 18. g4 e5 19. g5 Nd5 20. Nde4 Nxc3 21. Nxc3 Rxd1 22. Rxd1 Kf8 23. Nd5 Bb8 24. Nb6 Rd8 25. Rxd8 Nxd8 26. Bxe5 Bxe5 27. fxe5 Bc6 28. h4 Ne6 29. Bf3 Bxf3 30. Kxf3 Nc7 31. Ke4 Ne6 32. Nc8 h6 33. gxh6 g6 34. Kd5 Nc7+ 35. Kc5 Nb5 36. a4 Nc3 37. a5 Na4+ 38. Kd5 Nb2 39. Kd4 Nd1 40. Nd6 Nf2 41. Nxb7 Ng4 42. b5 1-0

[Event "EU-ch (Women) 15th"]
[Site "Plovdiv"]
[Date "2014.07.10"]
[Round "5"]
[White "Stjazhkina, Olga"]
[Black "Movsesian, Julia"]
[Result "0-1"]
[WhiteElo "2177"]
[BlackElo "2333"]
[PlyCount "38"]
[EventDate "2014.07.06"]
[EventType "swiss"]
[EventRounds "11"]
[EventCountry "BUL"]
[SourceTitle "CBM 162"]
[Source "ChessBase"]
[SourceDate "2014.09.17"]
[SourceVersion "1"]
[SourceVersionDate "2014.09.17"]
[SourceQuality "1"]

1. e4 d6 2. d4 Nf6 3. Nc3 Nbd7 4. f4 e5 5. Nf3 exd4 6. Qxd4 c6 7. a4 d5 8. exd5 Bc5 9. Qd3 0-0 10. dxc6 bxc6 11. Bd2 Rb8 12. b3 Re8+ 13. Be2 Qe7 14. Kf1 Bb6 15. Nd4 Qd6 16. Nf5 Qc5 17. Be1 Nf8 18. Ng3 Ng4 19. Nd1 Nxh2+ 0-1

[Event "EU-ch (Women) 15th"]
[Site "Plovdiv"]
[Date "2014.07.09"]
[Round "4"]
[White "Gvetadze, Sofio"]
[Black "Stjazhkina, Olga"]
[Result "1-0"]
[WhiteElo "2356"]
[BlackElo "2177"]
[PlyCount "114"]
[EventDate "2014.07.06"]
[EventType "swiss"]
[EventRounds "11"]
[EventCountry "BUL"]
[SourceTitle "CBM 162"]
[Source "ChessBase"]
[SourceDate "2014.09.17"]
[SourceVersion "1"]
[SourceVersionDate "2014.09.17"]
[SourceQuality "1"]

1. Nf3 d5 2. d3 Nf6 3. Nbd2 Nc6 4. e4 e5 5. c3 Bd6 6. Be2 Ne7 7. 0-0 c6 8. Qc2 0-0 9. Re1 Ng6 10. Bf1 Nh5 11. c4 d4 12. c5 Bc7 13. g3 h6 14. Qd1 Nf6 15. b4 a5 16. Nc4 Be6 17. Nxa5 Bxa5 18. bxa5 Qxa5 19. a4 Nd7 20. Bd2 Qxc5 21. Rb1 Qa7 22. a5 Rfb8 23. h4 b6 24. h5 Ne7 25. axb6 Rxb6 26. Rxb6 Qxb6 27. Nh2 Ra2 28. Bc1 Qb4 29. Re2 Ra1 30. Qc2 c5 31. Bb2 Ra2 32. Qc1 Nb6 33. Rc2 Na4 34. Ba1 Rxc2 35. Qxc2 Nc6 36. Qc1 Na5 37. Be2 Nb3 38. Qb1 Qa3 39. Bd1 Nxa1 40. Qb8+ Kh7 41. Bg4 Qb3 42. Qa7 Bxg4 43. Nxg4 Qd1+ 44. Kg2 Qxg4 45. Qxa4 Qxh5 46. Qxa1 Qe2 47. Qa6 Qc2 48. Qc8 g6 49. Qf8 Qb3 50. Qxc5 Qxd3 51. Qd5 Kg8 52. Qxe5 Qc4 53. Qe8+ Kh7 54. Qd7 Kg7 55. e5 d3 56. e6 Qe4+ 57. Kg1 Qe1+ 1-0

[Event "Varna op-B 8th"]
[Site "Varna"]
[Date "2014.06.26"]
[Round "8"]
[White "Stjazhkina, Olga"]
[Black "Aliyev, Ravan"]
[Result "0-1"]
[WhiteElo "2207"]
[BlackElo "1963"]
[PlyCount "44"]
[EventDate "2014.06.19"]
[EventType "swiss"]
[EventRounds "9"]
[EventCountry "BUL"]
[SourceTitle "CBM 161 Extra"]
[Source "ChessBase"]
[SourceDate "2014.08.29"]
[SourceVersion "1"]
[SourceVersionDate "2014.08.29"]
[SourceQuality "1"]

1. e4 d6 2. d4 g6 3. Nc3 Bg7 4. Be3 Nc6 5. Bc4 e5 6. Nge2 Nge7 7. Qd2 0-0 8. 0-0-0 a6 9. Bh6 b5 10. Bb3 Nxd4 11. Nxd4 Bxh6 12. Qxh6 exd4 13. Rxd4 c5 14. h4 cxd4 15. h5 g5 16. Qxg5+ Kh8 17. Qf6+ Kg8 18. Qxd4 Nc6 19. Qd5 Be6 20. Qxc6 Qg5+ 21. Kb1 Qc5 22. Qb7 Ra7 0-1

[Event "EU-ch (Women) 14th"]
[Site "Belgrade"]
[Date "2013.08.02"]
[Round "10"]
[White "Stjazhkina, Olga"]
[Black "Baraeva, Marina"]
[Result "1/2-1/2"]
[WhiteElo "2243"]
[BlackElo "2185"]
[PlyCount "81"]
[EventDate "2013.07.23"]
[EventType "swiss"]
[EventRounds "11"]
[EventCountry "SRB"]
[SourceTitle "CBM 155 Extra"]
[Source "ChessBase"]
[SourceDate "2013.08.26"]
[SourceVersion "1"]
[SourceVersionDate "2013.08.26"]
[SourceQuality "1"]

1. e4 e6 2. d4 d5 3. Nd2 c5 4. exd5 Qxd5 5. Ngf3 cxd4 6. Bc4 Qd6 7. 0-0 Nf6 8. Nb3 Nc6 9. Nbxd4 Nxd4 10. Nxd4 a6 11. Re1 Qc7 12. Qe2 Bc5 13. c3 h6 14. Bb3 0-0 15. Qf3 e5 16. Nf5 Bxf5 17. Qxf5 Qb6 18. Rxe5 Bxf2+ 19. Kh1 Rae8 20. Bf4 Rxe5 21. Bxe5 Qc5 22. Rf1 Re8 23. Qxf2 Qxe5 24. Bd1 Re7 25. Bf3 Ne4 26. Bxe4 Qxe4 27. h3 Qe2 28. Kg1 b5 29. Qxe2 Rxe2 30. Rf2 Re1+ 31. Rf1 Re2 32. Rf2 Re1+ 33. Rf1 Re2 34. Rf2 Re1+ 35. Rf1 Re2 36. Rf2 Re1+ 37. Rf1 Re2 38. Rf2 Re1+ 39. Rf1 Re2 40. Rf2 Re1+ 41. Rf1 1/2-1/2

[Event "EU-ch (Women) 14th"]
[Site "Belgrade"]
[Date "2013.08.01"]
[Round "9"]
[White "Makka, Ioulia"]
[Black "Stjazhkina, Olga"]
[Result "0-1"]
[WhiteElo "2171"]
[BlackElo "2243"]
[PlyCount "104"]
[EventDate "2013.07.23"]
[EventType "swiss"]
[EventRounds "11"]
[EventCountry "SRB"]
[SourceTitle "CBM 155 Extra"]
[Source "ChessBase"]
[SourceDate "2013.08.26"]
[SourceVersion "1"]
[SourceVersionDate "2013.08.26"]
[SourceQuality "1"]

1. e4 e5 2. Nf3 Nc6 3. Bb5 f5 4. d3 fxe4 5. dxe4 Nf6 6. 0-0 Bc5 7. Qe2 d6 8. Qc4 Qe7 9. Bxc6+ bxc6 10. b4 Be6 11. Qa6 Bb6 12. a4 Nxe4 13. a5 Bxf2+ 14. Rxf2 Nxf2 15. Qxc6+ Kf7 16. Kxf2 Rhf8 17. Bg5 Qd7 18. Qe4 Kg8 19. Kg1 Bf5 20. Qd5+ Kh8 21. Na3 c6 22. Qd2 Be4 23. Nxe5 Qf5 24. Nd3 d5 25. Re1 h6 26. Be3 Qg4 27. Ne5 Qe6 28. Bd4 Rf5 29. Nd3 Qg6 30. Ne5 Qe6 31. Ng4 Rh5 32. h3 Qg6 33. Qf4 Kh7 34. Re2 Rf5 35. Qc7 Raf8 36. Qxa7 Rf1+ 37. Kh2 h5 38. Nf6+ R8xf6 39. Bxf6 Qxf6 40. Qb8 Qa1 41. Qe8 Rh1+ 42. Kg3 Qxa3+ 43. Kh4 Bg6 44. Qf8 Rb1 45. Re7 Qxb4+ 46. g4 Qc3 47. a6 hxg4 48. hxg4 Rh1+ 49. Kg5 Rh5+ 50. Kf4 Qd2+ 51. Kg3 Qh2+ 52. Kf3 Rh3# 0-1

[Event "EU-ch (Women) 14th"]
[Site "Belgrade"]
[Date "2013.07.31"]
[Round "8"]
[White "Stjazhkina, Olga"]
[Black "Ibrahimova, Sabina Oqtay"]
[Result "0-1"]
[WhiteElo "2243"]
[BlackElo "2168"]
[PlyCount "74"]
[EventDate "2013.07.23"]
[EventType "swiss"]
[EventRounds "11"]
[EventCountry "SRB"]
[SourceTitle "CBM 155 Extra"]
[Source "ChessBase"]
[SourceDate "2013.08.26"]
[SourceVersion "1"]
[SourceVersionDate "2013.08.26"]
[SourceQuality "1"]

1. e4 c5 2. Nf3 Nc6 3. d4 cxd4 4. Nxd4 g6 5. c4 Bg7 6. Be3 Nf6 7. Nc3 Ng4 8. Qxg4 Nxd4 9. Qd1 Ne6 10. Qd2 0-0 11. Bd3 b6 12. 0-0 Bb7 13. Rae1 Rc8 14. Bh6 d6 15. Nd5 Nc5 16. Bxg7 Kxg7 17. Re3 e6 18. Nc3 d5 19. exd5 exd5 20. Rh3 h5 21. Nxd5 Bxd5 22. cxd5 Qxd5 23. Qc3+ Kg8 24. Bc4 Qc6 25. Qe3 b5 26. Bb3 Nxb3 27. Qxb3 Rfe8 28. Rc3 Qb6 29. Rxc8 Rxc8 30. h3 Rc4 31. Re1 Qc5 32. Re2 h4 33. Qe3 Rc1+ 34. Kh2 Qd6+ 35. Qe5 Qd1 36. Qe8+ Kg7 37. Qe5+ Kh7 0-1

[Event "EU-ch (Women) 14th"]
[Site "Belgrade"]
[Date "2013.07.27"]
[Round "5"]
[White "Gueci, Tea"]
[Black "Stjazhkina, Olga"]
[Result "1-0"]
[WhiteElo "2018"]
[BlackElo "2243"]
[PlyCount "57"]
[EventDate "2013.07.23"]
[EventType "swiss"]
[EventRounds "11"]
[EventCountry "SRB"]
[SourceTitle "CBM 155 Extra"]
[Source "ChessBase"]
[SourceDate "2013.08.26"]
[SourceVersion "1"]
[SourceVersionDate "2013.08.26"]
[SourceQuality "1"]

1. e4 e5 2. Nf3 Nc6 3. d4 exd4 4. Nxd4 Bc5 5. Be3 Qf6 6. c3 Nge7 7. g3 h5 8. h3 h4 9. g4 Ng6 10. Qd2 Nge5 11. Be2 Bxd4 12. cxd4 Nf3+ 13. Bxf3 Qxf3 14. Rh2 Qxe4 15. Nc3 Qe7 16. 0-0-0 Kf8 17. f4 d6 18. f5 f6 19. Rf2 Nd8 20. g5 Nf7 21. gxf6 gxf6 22. Nd5 Qd8 23. Rg1 c6 24. Nf4 Bxf5 25. Ng6+ Bxg6 26. Rxg6 Qd7 27. Rgxf6 Rh7 28. Qd3 Kg8 29. Qxh7+ 1-0

[Event "Baltija Cup (Women)"]
[Site "Palanga"]
[Date "2012.06.23"]
[Round "10"]
[White "Stjazhkina, Olga"]
[Black "Styazhkina, Anna"]
[Result "0-1"]
[WhiteElo "2260"]
[BlackElo "2107"]
[PlyCount "86"]
[EventDate "2012.06.17"]
[EventType "tourn"]
[EventRounds "10"]
[EventCountry "LTU"]
[SourceTitle "CBM 149 Extra"]
[Source "ChessBase"]
[SourceDate "2012.08.24"]
[SourceVersion "1"]
[SourceVersionDate "2012.08.24"]
[SourceQuality "1"]

1. e4 c5 2. Nf3 g6 3. d4 cxd4 4. Nxd4 Bg7 5. Nc3 Nc6 6. Be3 Nf6 7. Bc4 0-0 8. Bb3 d6 9. f3 Bd7 10. Qd2 Rc8 11. h4 h5 12. 0-0-0 Na5 13. Bh6 Nc4 14. Bxc4 Rxc4 15. Bxg7 Kxg7 16. g4 hxg4 17. h5 Rh8 18. hxg6 fxg6 19. f4 e5 20. fxe5 dxe5 21. Nde2 Rh3 22. Qd6 Qe8 23. Rhf1 Rf3 24. Rh1 b5 25. Kb1 b4 26. Nd5 Nxe4 27. Qa6 Rc5 28. Qxa7 Rf7 29. Qb6 Bb5 30. Nc1 Bc6 31. Nd3 Rxd5 32. Qe3 Rf3 33. Qh6+ Kf6 34. Rde1 Rd4 35. Qh4+ Ke6 36. Qxg4+ Kd6 37. Qg1 b3 38. axb3 Nd2+ 39. Kc1 Nxb3+ 40. Kb1 Rfxd3 41. cxd3 Bxh1 42. Qxh1 Nc5 43. Rg1 Rxd3 0-1

[Event "Baltija Cup (Women)"]
[Site "Palanga"]
[Date "2012.06.20"]
[Round "6"]
[White "Stjazhkina, Olga"]
[Black "Vanagaite, Giedre"]
[Result "1-0"]
[WhiteElo "2260"]
[BlackElo "1972"]
[PlyCount "101"]
[EventDate "2012.06.17"]
[EventType "tourn"]
[EventRounds "10"]
[EventCountry "LTU"]
[SourceTitle "CBM 149 Extra"]
[Source "ChessBase"]
[SourceDate "2012.08.24"]
[SourceVersion "1"]
[SourceVersionDate "2012.08.24"]
[SourceQuality "1"]

1. e4 c5 2. d3 Nc6 3. f4 d6 4. Nf3 g6 5. g3 Bg7 6. Bg2 Nf6 7. 0-0 0-0 8. Nc3 Rb8 9. h3 b5 10. a3 a5 11. g4 b4 12. axb4 axb4 13. Ne2 Nd7 14. f5 Nde5 15. Kh1 Qb6 16. Nxe5 Nxe5 17. Nf4 Bb7 18. Be3 Ra8 19. Rb1 Ra2 20. Nd5 Bxd5 21. exd5 Rfa8 22. Be4 Nd7 23. Qf3 Rf8 24. Bg5 Qd8 25. Bc1 e6 26. Qg3 exf5 27. gxf5 Be5 28. Qf2 Bg7 29. Qg2 Qe7 30. Bg5 Bf6 31. Bh6 Bg7 32. Bg5 Bf6 33. h4 Qe5 34. Bf4 Qe7 35. h5 Bxb2 36. Qh2 Be5 37. hxg6 fxg6 38. fxg6 hxg6 39. Bxg6 Rxf4 40. Rxf4 Bxf4 41. Qxf4 Qf6 42. Qg3 Ra1 43. Bf5+ Kf8 44. Rxa1 Qxa1+ 45. Kg2 Ke7 46. Qg8 Nb6 47. Qe6+ Kf8 48. Qxd6+ Kg8 49. Qxb6 Qc1 50. Qb8+ Kg7 51. Qc7+ 1-0

[Event "Baltija Cup (Women)"]
[Site "Palanga"]
[Date "2012.06.19"]
[Round "4"]
[White "Stjazhkina, Olga"]
[Black "Daulyte Cornette, Deimante"]
[Result "1/2-1/2"]
[WhiteElo "2260"]
[BlackElo "2244"]
[PlyCount "54"]
[EventDate "2012.06.17"]
[EventType "tourn"]
[EventRounds "10"]
[EventCountry "LTU"]
[SourceTitle "CBM 149 Extra"]
[Source "ChessBase"]
[SourceDate "2012.08.24"]
[SourceVersion "1"]
[SourceVersionDate "2012.08.24"]
[SourceQuality "1"]

1. d4 Nf6 2. Nf3 g6 3. Nc3 d5 4. Bf4 Bg7 5. Qd2 0-0 6. Ne5 c5 7. e3 cxd4 8. exd4 Bf5 9. f3 Nc6 10. g4 Be6 11. h4 Nd7 12. Nxc6 bxc6 13. Bh6 Bxh6 14. Qxh6 Qb6 15. 0-0-0 Rfb8 16. b3 Qb4 17. Nb1 c5 18. h5 Nf8 19. dxc5 Qxc5 20. Bd3 a5 21. Rde1 Rb6 22. Qe3 Qxe3+ 23. Rxe3 a4 24. Ree1 Nd7 25. hxg6 hxg6 26. Nc3 Nc5 27. Kd2 Kg7 1/2-1/2

[Event "St Petersburg Rudenko Memorial (Women)"]
[Site "St Petersburg"]
[Date "2011.08.25"]
[Round "3"]
[White "Stjazhkina, Olga"]
[Black "Korchagina, Victoria"]
[Result "1-0"]
[WhiteElo "2247"]
[BlackElo "2109"]
[PlyCount "37"]
[EventDate "2011.08.23"]
[EventType "swiss"]
[EventRounds "9"]
[EventCountry "RUS"]
[SourceTitle "CBM 144 Extra"]
[Source "ChessBase"]
[SourceDate "2011.10.28"]
[SourceVersion "1"]
[SourceVersionDate "2011.10.28"]
[SourceQuality "1"]

1. e4 c5 2. Ne2 Nc6 3. d4 cxd4 4. Nxd4 Nf6 5. Nc3 d6 6. Bg5 h6 7. Bh4 Qb6 8. Nb3 g5 9. Bg3 Bg7 10. Be2 Bd7 11. Qd2 0-0-0 12. f3 Na5 13. Bf2 Nxb3 14. axb3 Qc7 15. Rxa7 Bc6 16. b4 Be8 17. Ra8+ Kd7 18. Bb5+ Ke6 19. Nd5 1-0

[Event "St Petersburg Rudenko Memorial (Women)"]
[Site "St Petersburg"]
[Date "2011.08.23"]
[Round "1"]
[White "Stjazhkina, Olga"]
[Black "Manina, Ksenia"]
[Result "1-0"]
[WhiteElo "2247"]
[BlackElo "2003"]
[PlyCount "91"]
[EventDate "2011.08.23"]
[EventType "swiss"]
[EventRounds "9"]
[EventCountry "RUS"]
[SourceTitle "CBM 144 Extra"]
[Source "ChessBase"]
[SourceDate "2011.10.28"]
[SourceVersion "1"]
[SourceVersionDate "2011.10.28"]
[SourceQuality "1"]

1. e4 c5 2. Nc3 e6 3. g3 Nc6 4. Bg2 g6 5. f4 d6 6. d3 Bg7 7. Nf3 Nge7 8. 0-0 0-0 9. Be3 Nd4 10. e5 Nd5 11. Nxd5 Nxf3+ 12. Qxf3 exd5 13. Qxd5 dxe5 14. fxe5 Qxd5 15. Bxd5 Be6 16. Bxe6 fxe6 17. Rxf8+ Rxf8 18. Re1 b6 19. Bd2 Rd8 20. Bc3 Rd5 21. a4 a6 22. Kf2 Kf7 23. Kf3 Ke7 24. Ke4 Rd8 25. Rf1 b5 26. axb5 axb5 27. b4 cxb4 28. Bxb4+ Ke8 29. Ra1 Rc8 30. c3 Bf8 31. Ra6 Bxb4 32. cxb4 Kd7 33. Rd6+ Ke7 34. Rb6 Rc2 35. Rb7+ Kd8 36. Rxh7 Rb2 37. Kd4 Rxb4+ 38. Kc5 Rb1 39. Rb7 Rh1 40. Kd6 Kc8 41. Rxb5 Rxh2 42. Rc5+ Kd8 43. Ra5 Kc8 44. Kxe6 Rg2 45. d4 Rxg3 46. d5 1-0

[Event "Varna op 5th"]
[Site "Varna"]
[Date "2011.07.05"]
[Round "4"]
[White "Georgiev, Vladimir"]
[Black "Stjazhkina, Olga"]
[Result "1-0"]
[WhiteElo "2559"]
[BlackElo "2247"]
[PlyCount "81"]
[EventDate "2011.07.03"]
[EventType "swiss"]
[EventRounds "9"]
[EventCountry "BUL"]
[SourceTitle "CBM 143 Extra"]
[Source "ChessBase"]
[SourceDate "2011.08.29"]
[SourceVersion "1"]
[SourceVersionDate "2011.08.29"]
[SourceQuality "1"]

1. c4 e5 2. Nc3 Nc6 3. g3 g6 4. Bg2 Bg7 5. Rb1 f5 6. b4 Nf6 7. d3 0-0 8. b5 Nd4 9. e3 Ne6 10. Nge2 d6 11. 0-0 a6 12. a4 Ra7 13. f4 axb5 14. axb5 b6 15. Nd5 Bb7 16. Nec3 Nc5 17. Nxf6+ Bxf6 18. Bxb7 Nxb7 19. Nd5 Bg7 20. Bd2 Nc5 21. Bb4 Nd7 22. Bc3 Re8 23. e4 Nf6 24. Nxf6+ Bxf6 25. fxe5 Bxe5 26. d4 Bg7 27. exf5 Qg5 28. Rf4 Re3 29. Be1 Raa3 30. Kh1 Rad3 31. Qa4 Bxd4 32. Qa8+ Kg7 33. Bf2 Be5 34. Bxe3 Rxe3 35. f6+ Bxf6 36. Rbf1 Re6 37. Qc8 Qe5 38. Qxc7+ Re7 39. Qxb6 Bg5 40. R4f3 Be3 41. Qd8 1-0

[Event "St Petersburg-ch (Women)"]
[Site "St Petersburg"]
[Date "2011.02.15"]
[Round "5"]
[White "Stjazhkina, Olga"]
[Black "Kolesnikova, Kristina"]
[Result "1-0"]
[WhiteElo "2240"]
[BlackElo "1908"]
[PlyCount "113"]
[EventDate "2011.02.11"]
[EventType "swiss"]
[EventRounds "7"]
[EventCountry "RUS"]
[SourceTitle "CBM 141 Extra"]
[Source "ChessBase"]
[SourceDate "2011.05.03"]
[SourceVersion "1"]
[SourceVersionDate "2011.05.03"]
[SourceQuality "1"]

1. e4 d6 2. d4 Nf6 3. Nc3 e5 4. Nf3 Nbd7 5. Bc4 h6 6. 0-0 Be7 7. a4 0-0 8. h3 c6 9. Ba2 a6 10. Be3 Qc7 11. Nh4 exd4 12. Bxd4 d5 13. Nf5 Bc5 14. exd5 cxd5 15. Nxd5 Nxd5 16. Bxd5 Nb6 17. Bxc5 Qxc5 18. Ne3 Nxd5 19. Qxd5 Qb4 20. b3 Be6 21. Qf3 Rac8 22. a5 Rfd8 23. Ra4 Qe7 24. Rd1 Rxd1+ 25. Qxd1 Qg5 26. Qf3 Rc6 27. Rb4 Qxa5 28. Rxb7 Qa1+ 29. Kh2 Qe5+ 30. Qg3 Qf6 31. c4 Kh7 32. f4 Bc8 33. Nd5 Qg6 34. Qxg6+ fxg6 35. Rb6 Rxb6 36. Nxb6 Bb7 37. b4 Kg8 38. Nd7 Kf7 39. Nc5 Bc8 40. Kg3 Ke7 41. Kf3 Kd6 42. Ke3 Kc6 43. Kd4 h5 44. Nb3 Be6 45. Nc5 Bc8 46. Nd3 Kb6 47. Ne5 Bf5 48. Kd5 Bc2 49. Kd6 Be4 50. g3 Bg2 51. h4 Be4 52. Ke6 Bf5+ 53. Kf7 a5 54. bxa5+ Kxa5 55. Kxg7 Kb4 56. Kh6 Kc5 57. Nxg6 1-0

[Event "Groningen op-A"]
[Site "Groningen"]
[Date "2010.12.30"]
[Round "9"]
[White "Pruijssers, Roeland"]
[Black "Stjazhkina, Olga"]
[Result "1/2-1/2"]
[WhiteElo "2487"]
[BlackElo "2240"]
[PlyCount "64"]
[EventDate "2010.12.21"]
[EventType "swiss"]
[EventRounds "9"]
[EventCountry "NED"]
[SourceTitle "CBM 140 Extra"]
[Source "ChessBase"]
[SourceDate "2011.03.01"]
[SourceVersion "1"]
[SourceVersionDate "2011.03.01"]
[SourceQuality "1"]

1. e4 e5 2. Nf3 Nf6 3. Nxe5 d6 4. Nf3 Nxe4 5. Nc3 Nxc3 6. dxc3 Be7 7. Bf4 Nc6 8. Qd2 Bg4 9. Be2 Qd7 10. 0-0-0 a6 11. h3 Be6 12. Ng5 Bxg5 13. Bxg5 f6 14. Be3 0-0-0 15. b3 Rhe8 16. g4 Bf7 17. h4 Ne5 18. Rhg1 Be6 19. Qd4 c5 20. Qf4 Qc6 21. c4 d5 22. cxd5 Bxd5 23. g5 c4 24. bxc4 Be4 25. Bd4 Nf3 26. Ba7 Rxd1+ 27. Rxd1 Re5 28. gxf6 Qa4 29. Rd2 Qa3+ 30. Kb1 Qb4+ 31. Kc1 Qa3+ 32. Kb1 Qb4+ 1/2-1/2

[Event "Groningen op-A"]
[Site "Groningen"]
[Date "2010.12.27"]
[Round "6"]
[White "Stjazhkina, Olga"]
[Black "Lampert, Jonas"]
[Result "1/2-1/2"]
[WhiteElo "2240"]
[BlackElo "2131"]
[PlyCount "64"]
[EventDate "2010.12.21"]
[EventType "swiss"]
[EventRounds "9"]
[EventCountry "NED"]
[SourceTitle "CBM 140 Extra"]
[Source "ChessBase"]
[SourceDate "2011.03.01"]
[SourceVersion "1"]
[SourceVersionDate "2011.03.01"]
[SourceQuality "1"]

1. Nf3 Nf6 2. g3 d5 3. Bg2 c6 4. 0-0 Bf5 5. d3 e6 6. Nfd2 Nbd7 7. e4 dxe4 8. dxe4 Bg6 9. Qe2 e5 10. Nc3 Qc7 11. a4 a5 12. Nc4 Bc5 13. Kh1 Nb6 14. Be3 Bxe3 15. Nxe3 0-0 16. f4 Bh5 17. Qf2 Ng4 18. Nxg4 Bxg4 19. f5 f6 20. Qc5 Nd7 21. Qc4+ Kh8 22. Bf3 Bxf3+ 23. Rxf3 Rad8 24. Rd3 Nb8 25. Rad1 Qe7 26. Rxd8 Rxd8 27. Rxd8+ Qxd8 28. b4 axb4 29. Qxb4 b6 30. Qc4 Qd7 31. Qb4 Qd8 32. Qc4 Qd7 1/2-1/2

[Event "Groningen op-A"]
[Site "Groningen"]
[Date "2010.12.26"]
[Round "5"]
[White "Grover, Sahaj"]
[Black "Stjazhkina, Olga"]
[Result "1-0"]
[WhiteElo "2420"]
[BlackElo "2240"]
[PlyCount "85"]
[EventDate "2010.12.21"]
[EventType "swiss"]
[EventRounds "9"]
[EventCountry "NED"]
[SourceTitle "CBM 140 Extra"]
[Source "ChessBase"]
[SourceDate "2011.03.01"]
[SourceVersion "1"]
[SourceVersionDate "2011.03.01"]
[SourceQuality "1"]

1. e4 e5 2. Nf3 Nf6 3. Nxe5 d6 4. Nf3 Nxe4 5. Nc3 Nxc3 6. dxc3 Be7 7. Be3 Nc6 8. Qd2 0-0 9. 0-0-0 Ne5 10. h4 c6 11. h5 h6 12. Kb1 Be6 13. Nd4 Nc4 14. Bxc4 Bxc4 15. g4 Be6 16. Rdg1 c5 17. Ne2 f6 18. f4 Kh7 19. g5 f5 20. Rg3 Qd7 21. Rhg1 Rg8 22. Nc1 Raf8 23. Nd3 b5 24. Qg2 Bd8 25. b4 c4 26. Nf2 Bb6 27. Nd1 d5 28. Bxb6 axb6 29. Qf2 d4 30. Qxd4 hxg5 31. Rxg5 Qxd4 32. cxd4 Rd8 33. c3 Bd5 34. Ne3 Be4+ 35. Kb2 Rde8 36. Re1 Bd3 37. Ng2 Be4 38. Nh4 Bd3 39. Re5 Rxe5 40. dxe5 Rf8 41. Nf3 Rd8 42. Nd4 Be4 43. Rg6 1-0

[Event "Groningen op-A"]
[Site "Groningen"]
[Date "2010.12.21"]
[Round "1"]
[White "Bojkov, Dejan"]
[Black "Stjazhkina, Olga"]
[Result "1-0"]
[WhiteElo "2542"]
[BlackElo "2240"]
[PlyCount "41"]
[EventDate "2010.12.21"]
[EventType "swiss"]
[EventRounds "9"]
[EventCountry "NED"]
[SourceTitle "CBM 140 Extra"]
[Source "ChessBase"]
[SourceDate "2011.03.01"]
[SourceVersion "1"]
[SourceVersionDate "2011.03.01"]
[SourceQuality "1"]

1. e4 e5 2. Nf3 Nc6 3. Bc4 Bc5 4. 0-0 Nf6 5. d3 d6 6. c3 a6 7. Bb3 Ba7 8. Nbd2 0-0 9. Nc4 Ne7 10. Bg5 h6 11. Bxf6 gxf6 12. Nh4 f5 13. Qh5 fxe4 14. Qxh6 exd3 15. Rae1 Nf5 16. Nxf5 Bxf5 17. Ne3 Bxe3 18. Rxe3 d5 19. Rxe5 Bg6 20. Rxd5 Qf6 21. Rg5 1-0

[Event "RUS-ch (Women) 60th"]
[Site "St Petersburg"]
[Date "2010.09.02"]
[Round "8"]
[White "Stjazhkina, Olga"]
[Black "Markelova, Lubov"]
[Result "1-0"]
[WhiteElo "2273"]
[BlackElo "2075"]
[PlyCount "47"]
[EventDate "2010.08.26"]
[EventType "swiss"]
[EventRounds "9"]
[EventCountry "RUS"]
[SourceTitle "CBM 138 Extra"]
[Source "ChessBase"]
[SourceDate "2010.10.29"]
[SourceVersion "1"]
[SourceVersionDate "2010.10.29"]
[SourceQuality "1"]

1. e4 c5 2. Nf3 Nc6 3. d4 cxd4 4. Nxd4 Qb6 5. Nb3 Nf6 6. Nc3 e6 7. Qe2 d6 8. Bd2 a6 9. 0-0-0 Qc7 10. g4 b5 11. Bg2 b4 12. Na4 a5 13. e5 Ba6 14. Qe3 Nd7 15. Nxa5 d5 16. Bxd5 exd5 17. e6 Nf6 18. Rhe1 0-0-0 19. Nxc6 Qxc6 20. Qa7 Qxa4 21. e7 Bxe7 22. Rxe7 Nd7 23. Bf4 Qc6 24. Rxd7 1-0

[Event "RUS-ch (Women) 60th"]
[Site "St Petersburg"]
[Date "2010.08.31"]
[Round "6"]
[White "Stjazhkina, Olga"]
[Black "Kashlinskaya, Alina"]
[Result "0-1"]
[WhiteElo "2273"]
[BlackElo "2352"]
[PlyCount "102"]
[EventDate "2010.08.26"]
[EventType "swiss"]
[EventRounds "9"]
[EventCountry "RUS"]
[SourceTitle "CBM 138 Extra"]
[Source "ChessBase"]
[SourceDate "2010.10.29"]
[SourceVersion "1"]
[SourceVersionDate "2010.10.29"]
[SourceQuality "1"]

1. e4 e5 2. Nf3 Nc6 3. Nc3 Nf6 4. g3 Bc5 5. Bg2 d6 6. d3 a6 7. 0-0 0-0 8. Be3 Bxe3 9. fxe3 d5 10. Qe2 d4 11. Nd5 Nxd5 12. exd5 Qxd5 13. Ng5 Qd7 14. Qh5 h6 15. Bxc6 bxc6 16. Nf3 dxe3 17. Nxe5 Qd5 18. c4 Bg4 19. cxd5 Bxh5 20. dxc6 Rfe8 21. d4 Rad8 22. Nd7 Bg4 23. Ne5 Bh3 24. Rfe1 f6 25. Nf3 Rd5 26. Rac1 Bg4 27. Nh4 Rxd4 28. Ng2 e2 29. Rc2 Rd1 30. Kf2 Re5 31. h3 Rxe1 32. Nxe1 Bxh3 33. Nd3 Bf5 34. Nxe5 Bxc2 35. Nf3 Bd1 36. Nd4 Kf7 37. b4 g6 38. b5 axb5 39. Nxb5 Ba4 40. Nxc7 Bxc6 41. Kxe2 f5 42. Ke3 h5 43. Na6 Kf6 44. Kf4 g5+ 45. Ke3 h4 46. gxh4 f4+ 47. Kf2 g4 48. Nc5 g3+ 49. Kg1 f3 50. a4 Bd5 51. a5 f2+ 0-1